| 000 -LEADER |
| fixed length control field |
00845nam a2200217Ia 4500 |
| 001 - CONTROL NUMBER |
| control field |
11418 |
| 003 - CONTROL NUMBER IDENTIFIER |
| control field |
GE_BSU |
| 008 - FIXED-LENGTH DATA ELEMENTS--GENERAL INFORMATION |
| fixed length control field |
181216s||||||||xx |||||||||||||| ||und|| |
| 040 ## - CATALOGING SOURCE |
| Transcribing agency |
GE_BSU |
| 080 ## - UNIVERSAL DECIMAL CLASSIFICATION NUMBER |
| Universal Decimal Classification number |
578+577 |
| 100 ## - MAIN ENTRY--PERSONAL NAME |
| Personal name |
სტენლი.უ; ე.ველენსი. |
| 245 ## - TITLE STATEMENT |
| Title |
ვირუსები და სიცოცხლის ბუნება. |
| 245 ## - TITLE STATEMENT |
| Statement of responsibility, etc. |
რედ:ნ.ქართველიშვილი;მხატვ:ა.შიპოვი;თარგმნა ალექსი მთვარელიძემ. |
| 260 ## - PUBLICATION, DISTRIBUTION, ETC. |
| Place of publication, distribution, etc. |
თბილისი. |
| 260 ## - PUBLICATION, DISTRIBUTION, ETC. |
| Name of publisher, distributor, etc. |
ნაკადული. |
| 260 ## - PUBLICATION, DISTRIBUTION, ETC. |
| Date of publication, distribution, etc. |
1969. |
| 300 ## - PHYSICAL DESCRIPTION |
| Extent |
239გვ;20სმ. |
| 300 ## - PHYSICAL DESCRIPTION |
| Accompanying material |
27 ფოტოსურათი. |
| 653 ## - INDEX TERM--UNCONTROLLED |
| Uncontrolled term |
ვირუსები და სიცოცხლის ბუნება. |
| 942 ## - ADDED ENTRY ELEMENTS (KOHA) |
| Koha item type |
წიგნი |